000 00430nam a2200157Ia 4500
008 210719s2000 xx 000 0 und d
041 _aeng
082 _a378.06 MANA
100 _aMANGALORE UNIVERSITY
245 _aAnnual report 1999-2000.
260 _aMangalore.
_bMangalore University, Mangalagangotri.,
_c2000
300 _a308
_bPB
365 _cRs
650 _aHigher Education
906 _aMangalore University Report
999 _c213513
_d213513